[Event "Novosibirsk Region-ch sf"]
[Site "Novosibirsk"]
[Date "2010.10.21"]
[Round "6"]
[White "Faleev, Vasily"]
[Black "Koroljkov, Ivan"]
[Result "0-1"]
[WhiteElo "1942"]
[BlackElo "1943"]
[PlyCount "70"]
[EventDate "2010.??.??"]
[EventType "swiss"]
[EventRounds "9"]
[EventCountry "RUS"]
[SourceTitle "EXT 2014"]
[Source "ChessBase"]
[SourceDate "2013.11.20"]
[SourceVersion "1"]
[SourceVersionDate "2013.11.20"]
[SourceQuality "1"]

1. e4 e6 2. d4 d5 3. Nd2 Nf6 4. e5 Nfd7 5. f4 c5 6. c3 Nc6 7. Nb3 Qb6 8. Nf3 cxd4 9. Nfxd4 Ndb8 10. Be3 a6 11. Bd3 Nxd4 12. Bxd4 Qc7 13. 0-0 Bd7 14. Qf3 Nc6 15. Be3 Na5 16. Qf2 Nxb3 17. axb3 Rc8 18. b4 g6 19. Bb6 Qc6 20. Qd4 Be7 21. Ra5 Bd8 22. Bxd8 Rxd8 23. f5 gxf5 24. Bxf5 exf5 25. e6 Rg8 26. exd7+ Rxd7 27. Rc5 Qe6 28. Rf3 Qe1+ 29. Rf1 Qe4 30. Qf2 Kd8 31. Rd1 Rg6 32. Kf1 b6 33. Re1 Qd3+ 34. Kg1 bxc5 35. Qxc5 Qd2 0-1